Statistics for Premier League All-Time Table

Click here to take the quiz!

General Stats

  • This quiz has been taken 70 times
  • The average score is 17 of 20

Answer Stats

PositionSeasons In BPLPointsTeam% Correct
2282,011Arsenal
100%
3281,997Chelsea
100%
4281,948Liverpool
100%
7231,450Manchester City
100%
1282,234Manchester United
100%
5281,654Tottenham Hotspur
100%
6281,476Everton
94%
8251,316Newcastle United
94%
9251,258Aston Villa
89%
1312692Leeds United
85%
1414669Leicester City
85%
10241,137West Ham United
85%
1121980Southampton
80%
1616618Sunderland
77%
1714612Fulham
74%
1218970Blackburn Rovers
73%
1911472Crystal Palace
65%
2012464West Bromwich Albion
62%
1515661Middlesbrough
50%
1813575Bolton Wanderes
47%

Score Distribution

Percentile by Number Answered

Percent of People with Each Score

Your Score History

You have not taken this quiz